000 00575nam a2200193Ia 4500
005 20250326144856.0
008 250326s9999 xx 000 0 und d
020 _a981-254-851-3
037 _aTextbook
040 _aFMSL
_beng
_cFMSL
041 _aeng
_2eng
084 _aX:89M P4
_qFMSL
100 _aMoss G
_9742499
245 0 _aTime management : gidelines, checklists and golden rules for managing yourself
_cMoss G
260 _aUnited Kingdom
_bUnited Kingdom, Thomson
_c2004
300 _a202p
942 _cTB
_hX:89M P4
999 _c1305418
_d1305418